000 00548nam a2200217Ia 4500
003 OSt
005 20220926042425.0
006 a|||||r|||| 00| 0
007 ta
008 220923b |||||||| |||| 00| 0 eng d
037 _cGeneral Book
040 _aRTL
_cRTL
_beng
041 _2eng
_aeng
082 _aX724:1, G9 D&W
100 _aBlack Duncan
_9127462
245 0 _aIncidence of income taxes
260 _c1939
650 _aIncome Tax
942 _hX724:1, G9 D&W
_cGB
_2CC
999 _c669694
_d669694